000 00272nam a22001217a 4500
008 180123b xxu||||| |||| 00| 0 eng d
041 _aeng
080 _a82
100 _a22
101 _aGJU
245 _aTHESAURUS OF WORDS AND PHRASES
_cROGET.S.R
942 _2udc
_cBK
999 _c40796
_d40796